[Event "Istanbul FIDE GP (Women)"]
[Site "Istanbul"]
[Date "2009.03.07"]
[Round "1"]
[White "Cramling, Pia"]
[Black "Koneru, Humpy"]
[Result "0-1"]
[WhiteElo "2548"]
[BlackElo "2621"]
[Annotator "Humpy,K"]
[PlyCount "100"]
[EventDate "2009.03.07"]
[EventType "tourn"]
[EventRounds "11"]
[EventCountry "TUR"]
[EventCategory "10"]
[SourceTitle "CBM 130"]
[Source "ChessBase"]
[SourceDate "2009.05.20"]
[SourceVersion "1"]
[SourceVersionDate "2009.05.20"]
[SourceQuality "1"]

{For the first time in my career I was playing in a tournament where draw
offers are prohibited. No one is supposed to offer a draw directly to the
opponent and even if it is a repetition of moves one has to approach the
arbiter.} 1. d4 d5 2. Nf3 Nf6 3. c4 e6 4. Nc3 Bb4 {often I prefer to play
Ragozin.} 5. cxd5 exd5 6. Bg5 Nbd7 7. e3 c5 8. Bd3 c4 {I don't want to test
her opening preparation by playing the main line.} (8... Qa5 9. Qc2 c4 10. Bf5)
9. Bf5 Nb6 10. Bxc8 Rxc8 11. O-O O-O (11... Bxc3 12. bxc3 Qd6 13. Bxf6 Qxf6 14.
Qb1 O-O 15. a4 Rc7 16. Re1 Rd8 17. a5 Nc8 18. e4 dxe4 19. Nd2 Qg6 20. Nxe4 Re7
21. Nd2 Qxb1 22. Raxb1 Rxe1+ 23. Rxe1 Nd6 24. Re7 Kf8 25. Rc7 b5 26. axb6 axb6
27. Nxc4 {1/2-1/2 Sumets,A (2545)-Aleksandrov,A (2617)/Warsaw POL 2008}) 12.
Ne5 {With the idea f3, e4.} {I decided to remove the knight on c3 to gain
control over the e4-square.} Bxc3 13. bxc3 Qd6 14. Bxf6 {White is in no mood
to waste time.} (14. f3 $6 {At the first glance f3 looks good for White. But a
cool ...Ne8 will initiate dynamic play for Black.} Ne8 15. Bf4 Qa3 16. Qc2 f6
17. Ng4 h5 18. Nf2 g5 19. Bg3 h4 20. Ng4 hxg3 21. Qg6+ Ng7 22. Nxf6+ Rxf6 23.
Qxf6 Qxc3 $17) 14... Qxf6 15. a4 Rc7 {This move is useful in the resulting
positions. My idea is to regroup the knight to c8 followed by Nd6, which will
control all the key squares; these are b7, b5 and e4.} 16. Qg4 {During the
game I thought of playing 16...Qe7, but White can manoeuvre a rook to b5. I
didn't want to allow it and so avoided it by playing 16...Qd6.} Qd6 $146 (16...
Qe7 17. Rfb1 (17. Rfe1 f6 18. Nf3 Re8 19. Nd2 Qf7 20. a5 Nc8 21. e4 dxe4 22.
Rxe4 Rxe4 23. Qxe4 Nd6 24. Qf3 Qe6 25. g3 h6 26. Kg2 g5 27. h3 Kg7 28. Nf1 f5
29. Ne3 Re7 30. Re1 Kf8 31. Nc2 Qf7 {Pashikian,A (2538)-Aleksandrov,A (2609)/
Dresden 2007}) 17... f6 18. Nf3 Nc8 19. Rb5 Nd6 20. Rxd5 Ne4 21. Nh4 (21. Rc1
Qa3 22. Qe6+ Kh8 23. Re1 Re7 24. Qf5 g6 25. Qf4 Qa2 (25... Kg7 $17) 26. Re5
Qxf2+ 27. Kh1 g5 28. Qxe4 fxe5 $15) 21... Nxc3 22. Nf5 Qe4 23. Qxe4 Nxe4 24.
Rc1 $11) (16... Qe6 17. Qxe6 fxe6 18. Rfb1 Nd7 19. Nxd7 Rxd7 20. Rb5 Rff7 21.
Rab1 Kf8 22. f4 Ke8 23. Kf2 Kd8 24. Kf3 Kc8 25. g4 b6 26. h4 Kb7 27. a5 Rd6 28.
e4 Ka6 29. axb6 Rxb6 30. R5b4 Kb7 31. f5 {Moiseenko,A (2627)-Savchenko,B (2562)
/Moscow 2007}) 17. Rfb1 f6 18. Nf3 Qc6 {This is the move I had in mind. Now
the d6-square is vacant for the knight.} 19. a5 (19. Rb5 $2 Nxa4) 19... Nc8 $1
(19... Na4 {is tempting, but it leads to the exchange of the weak a5-pawn.} 20.
Ra3 b5 21. axb6 axb6 22. Ne1 (22. Nh4) 22... b5 23. Nc2 $11) 20. Nd2 (20. Nh4
Nd6 21. Qe6+ Kh8 22. Qh3 Re8 23. Ng6+ Kg8 24. Nf4 Ne4 25. Rc1 g6 (25... Nd2 26.
Ra2 Nb3 27. Re1 Rd7 28. Qf3) 26. Qf3 f5 27. h4 Rd7 $15) (20. Ne1 Nd6 21. Nc2
Nb5 22. Nb4 Qd6 23. Na2 a6 {The black knight is well placed; there is a slight
edge for Black.}) 20... Nd6 21. Qd1 Qd7 (21... Re7 22. Qa4 Qxa4 23. Rxa4 a6 24.
Rab4 Nb5 25. Rc1 Kf7 26. g3 $11 (26. e4 dxe4 27. Rxc4 e3 28. fxe3 Rxe3 $11))
22. Qc2 (22. Qa4 Qf5 23. Qb4 Rd8 24. Rb2) 22... Re8 23. Re1 {White is trying
for a central breakthrough.} Qe6 24. Rab1 $6 {White's pawn structure is not
favorable to play an endgame. I suppose Pia needed to take some active steps
to place her knight on a better square.} ({I prefer} 24. f3 f5 25. f4 Rc6 26.
Nf3 {I considered this position as a hard nut to crack.} Ra6 27. Ne5 Qc8 28.
Qa4 Ne4 29. Qb4 $13) 24... Rc6 {Pia might have overlooked this positional
manoeuvre.} 25. h3 Ra6 26. Ra1 Qe7 {The idea is to play ...Qc7.} (26... Qd7 27.
e4 Qc7 28. e5 fxe5 29. dxe5 Nf7 30. f4 g5 $13) 27. Qa4 b5 $1 28. Qb4 Rc6 29.
Nb1 $2 (29. Nf1 a6 30. Ng3 f5 {with a space advantage for Black.}) 29... a6 30.
Na3 f5 31. Nc2 Qg5 $5 {This move has got some drawbacks. I have to reposition
my queen again if I want to place my knight on the g5-square to attack.} ({
More accurate is} 31... Qh4 $3 32. Qb2 Ne4 33. Nb4 Rg6 34. Nxd5 Qxh3 35. Nf4 {
My computer shows a nice win for Black which I missed during the game:} Rxg2+
$3 36. Nxg2 Re6 37. f3 (37. Nf4 Qg4+ 38. Kf1 Rh6 $19) 37... Ng5 38. Rf1 Qg3 39.
Rf2 Nh3+ 40. Kf1 Rxe3 $3 41. Qd2 Rxf3 42. Rxf3 Qxf3+ 43. Ke1 Qg3+ 44. Kf1 (44.
Kd1 Nf2+ 45. Kc1 Qxg2 46. Qe2 Qg5+ 47. Kb2 Ne4 $19) 44... Qh2 45. Qe3 Qh1+ 46.
Ke2 Qxg2+ 47. Ke1 $19) 32. f3 Nf7 (32... Nb7 33. Qb2 Rce6 34. Re2 Qd8 35. Nb4
Nxa5 36. Nxd5 Nb3 37. Nf4 Rf6 $15) 33. Qb2 $1 {Space clearance for the knight.}
Rce6 34. Nb4 $1 f4 $1 (34... Rxe3 $2 35. Qd2 f4 (35... Rxe1+ 36. Rxe1 Qxd2 $4
37. Rxe8#) 36. Nxa6 Qg3 37. Rxe3 $1 (37. Kf1 $4 Ng5 38. Qf2 Qh2 39. Rxe3 fxe3
$19) 37... fxe3 38. Qe1 $14) (34... Qd8 35. Qc2 g6 36. Re2 Qd6) 35. e4 (35.
Nxa6 $6 Qg3 $3 (35... Rxa6 $2 36. exf4 Qd8 37. Qxb5 Ra8 38. a6 $16) 36. Nc7 Ng5
37. Nxe6 Rxe6 38. Kf1 (38. Kh1 Nxf3 39. gxf3 Qxh3+ 40. Kg1 Rg6+ 41. Kf2 Qg2#) (
38. a6 Nxh3+ 39. Kf1 Qh2 40. gxh3 Qh1+ (40... Qxb2 41. a7 Re8 42. a8=Q Rxa8 43.
Rxa8+ Kf7 $19) 41. Kf2 fxe3+ 42. Kg3 Rg6+ 43. Kf4 Rf6+ 44. Kxe3 Rxf3+ 45. Kd2
Rf2+ 46. Kd1 Qf3+ 47. Kc1 Qf4+ 48. Kb1 Rxb2+ 49. Kxb2 Qd2+ $19) 38... Qh2 $3 (
38... Nxh3 $2 39. gxh3 Rg6 40. Qf2 Qxh3+ 41. Ke2 Rg2 42. exf4 Qg3 43. Qxg2
Qxg2+ 44. Ke3 Qb2 $44) (38... fxe3 $5 39. Rxe3 $3 (39. a6 $4 Qh2 40. Qa2 Ne4
41. fxe4 (41. Rxe3 Qh1+ 42. Ke2 Qxg2+ 43. Kd1 Nxc3+ 44. Rxc3 Qf1+ 45. Kd2 Re2#)
41... Rf6+ 42. Ke2 Rf2+ 43. Kd1 Qxg2 $19 44. Qa3 Rc2 $19) 39... Rxe3 40. a6
Nxh3 41. a7 Rxf3+ 42. gxf3 Qg1+ 43. Ke2 Nf4+ 44. Kd2 Qf2+ 45. Kd1 Qf1+ 46. Kc2
Qd3+ 47. Kc1 Qf1+ {perpetual}) 39. Qf2 fxe3 40. Qg1 e2+ 41. Rxe2 Qxg1+ 42. Kxg1
Rxe2 43. a6 Re8 $17) 35... dxe4 36. fxe4 $2 (36. Rxe4 $142 {A logical move.
Exchanging the defender of the a6-pawn.} Rxe4 37. fxe4 Rxe4 (37... Qg6 38. e5
Ng5 39. Qc2 Nxh3+ 40. Kf1 Qg3 41. gxh3 Qxh3+ 42. Qg2 Qxc3 43. Qd5+ Kh8 44. Rb1
Rf8 $44) 38. Nxa6 f3 39. Qf2 Re3 40. Nc5 Rxc3 41. a6 Rc1+ 42. Rxc1 Qxc1+ 43.
Kh2 fxg2 44. Qxg2 Qf4+ 45. Kh1 Qxd4 46. Qa8+ Nd8 47. a7 Qd1+ 48. Kh2 Qd2+ 49.
Kg3 Qg5+ 50. Kf3 Qf5+ 51. Ke2 Qc2+ 52. Ke3 Qc3+ 53. Ke4 Qe1+ 54. Kd5 Qd2+ 55.
Ke5 Qg5+ 56. Kd6 Qf4+ 57. Kd7 Qd4+ 58. Ke8 Qxc5 59. Qf3 Qe5+ 60. Kxd8 Qd4+ 61.
Ke8 Qe5+ {draw.}) 36... f3 $5 (36... Rh6 $3 37. Kf1 f3 38. Nd5 Nd6 $17) 37. Qf2
fxg2 38. e5 {When I played 34...f4, my plans were to play ...Qh6 followed by ..
.Ng5. Only after reaching this position, I realized that with the white knight
on d5 my position is very risky.} Rf8 $1 {Practically forcing Qxg2, other
variations lose immediately.} (38... Qh6 39. Re3 Ng5 40. Qxg2 Rg6 41. Kh2 (41.
Qd5+ $4 Ne6+ $19) 41... Ne6 42. Qe2 Nf4 43. Qf3 Rf8 44. Nd5 $13) 39. Qxg2 (39.
Qe3 Qh4 40. Re2 Ng5 $19) 39... Rg6 $3 {Black has succeeded in cornering the
white king.} (39... Qh6 40. Nd5 $1) 40. Qxg5 (40. Ra2 Qh4 $19) 40... Nxg5 41.
Rf1 (41. Nd5 {could have put up more resistance.} Kh8 $3 (41... Nxh3+ 42. Kh2
Rh6 43. Kg3 Ng5 44. Nf4 $13) 42. Rf1 Nf3+ 43. Kh1 h5 $3 44. Ra2 (44. Rf2 Rg3
45. h4 g5 46. hxg5 Rh3+ 47. Kg2 Rh2+ 48. Kg3 h4+ 49. Kg4 Rxf2 $19) 44... Rg3
45. Rh2 Kg8 46. h4 Nxh2 47. Ne7+ Kh7 48. Rxf8 Nf3 $19) 41... Nxh3+ 42. Kh2 (42.
Kh1 Nf2+ 43. Kh2 Rf5 $19) 42... Nf4 43. Kh1 {White Intends to play Ra2-h2 to
meet Black's Rf5 and Rh5.} (43. Ra2 Rh6+ 44. Kg1 Nh3+ 45. Kg2 Rg6+ 46. Kxh3
Rxf1 $19) 43... Rh6+ (43... Rf5 44. Ra2 Rh5+ (44... Rg3 45. Nxa6 Rxc3 $15) 45.
Rh2 Ne2 46. Rxh5 Ng3+ 47. Kg2 $14) 44. Kg1 Rf5 45. Rf3 (45. Kf2 Nd5+ 46. Kg3
Rg6+ 47. Kh4 Nf4 $19) 45... Nh3+ {By force Black is gaining an exchange.} 46.
Rxh3 (46. Kg2 Rg6+ 47. Rg3 Nf4+ 48. Kf3 Nd3+ 49. Kg2 Rf2+ 50. Kh3 Nf4+ 51. Kh4
Rh2+ 52. Rh3 Rxh3#) 46... Rxh3 47. Nd5 (47. Nxa6 {would lead to a mate:} Rg3+
48. Kh2 Rg6 $19) 47... Kf7 {This is obvious because of the threat Ne7+,
otherwise I could have gone for ...Rh6.} 48. Rf1 {Exchanging her rook to avoid
mating attacks and with the hope of creating some tricks with the knight and
the centralised passed pawns.} Rxf1+ 49. Kxf1 g5 {Just advancing the pawns
further.} 50. Nc7 b4 {The last elegant move. White resigned.} (50... Rxc3 51.
e6+ Kf6 52. Nd5+ Kxe6 53. Nxc3 b4 54. Ne2 Kd5 $19) (50... b4 51. cxb4 c3 52.
e6+ Ke7 53. Ke2 c2 54. Kd2 c1=Q+ 55. Kxc1 Rc3+ 56. Kd2 Rxc7 $19) 0-1

[Event "Istanbul FIDE GP (Women)"]
[Site "Istanbul"]
[Date "2009.03.17"]
[Round "9"]
[White "Zhao, Xue"]
[Black "Koneru, Humpy"]
[Result "1/2-1/2"]
[WhiteElo "2508"]
[BlackElo "2621"]
[Annotator "Humpy,K"]
[PlyCount "131"]
[EventDate "2009.03.07"]
[EventType "tourn"]
[EventRounds "11"]
[EventCountry "TUR"]
[EventCategory "10"]
[SourceTitle "CBM 130"]
[Source "ChessBase"]
[SourceDate "2009.05.20"]
[SourceVersion "1"]
[SourceVersionDate "2009.05.20"]
[SourceQuality "1"]

{In the Ataturk Fide women's Grand Prix before this round Zhao Xue was leading
with 7 points after 8 rounds, followed by Hou Yifan with 6.5 points and I was
one point behind the leader with 6 points.} 1. d4 d5 2. c4 e6 3. Nf3 Nf6 4. Nc3
Bb4 {For the second time in the tournament I played the Ragozin. In the first
round I won against Pia Cramling with it.} 5. cxd5 exd5 6. Bg5 Nbd7 7. Qa4 {
She surprised me with this move.} c5 {I was not prepared to play this position.
} 8. dxc5 {I thought of playing 8...Bxc3+. But I guessed that she had cooked
up something special for me in this position. So I went for a less popular
continuation.} Qa5 9. Qxa5 {I think Zhao Xue wanted to be more cautious here
and so she opted for the queen exchange before playing Bd2.} (9. Bd2 $1 {
leads to a better position for White:} O-O (9... Qxc5 10. a3 $16) (9... Bxc3
10. Qxa5 Bxa5 11. Bxa5 Nxc5 12. Rc1 b6 13. Bb4 $14) 10. Qxa5 Bxa5 11. Rc1 Nxc5
12. Nxd5 Bxd2+ 13. Nxd2 Nxd5 14. Rxc5 Be6 15. e4 Nb6 16. b3 Nd7 17. Rc3 Rac8
18. Rxc8 Rxc8 19. Kd1 Ne5 20. Be2 g5 21. h4 $14 {1-0 Khalifman,A (2645)
-Filippov,V (2595)}) 9... Bxa5 10. Bd2 (10. O-O-O Bxc3 11. bxc3 Nxc5 12. Bxf6
gxf6 13. Rxd5 Ne4 14. Rd4 Nxf2 15. Rg1 Be6 $11) (10. Rc1 Nxc5 11. Bxf6 gxf6 12.
e3 Ne4 $11) 10... Nxc5 11. Rc1 Bb6 12. e3 {White didn't gain any advantage
from the opening. It is an equal position as my isolated pawn is compensated
for by the passive bishop on d2.} (12. Be3 Nce4 13. Bxb6 axb6 14. e3 Bd7 15. a3
Rc8 $11) 12... O-O 13. Be2 Bf5 14. O-O Nd3 {I couldn't find anything to try in
this position except to go for the two bishops.} 15. Bxd3 Bxd3 16. Rfd1 Rfc8
17. Be1 (17. Na4 {yields nothing to either of us.} Bc2 18. Nxb6 axb6 19. Re1
Rxa2 20. Bc3 Be4 $11) 17... Bf5 18. Nd4 Be6 {Here I am ready to give my light
squared bishop to the strong knight on d4. So that my isolated d5-pawn will be
connected with ...fxe6.} (18... Bd7 19. f3 h6 20. Bh4 g5 21. Bg3 Re8 22. Kf2
Rac8 23. Nce2 Rc4 24. b3 Rc6 25. Rc3 Rxc3 26. Nxc3 Kg7 $11) (18... Bxd4 19.
Rxd4 Rc4 20. Rcd1 Be6 21. f3 h6 22. Bh4 g5 23. Bg3 $14) 19. f3 {Giving scope
to the bishop.} a6 $1 ({Any aggressive ideas like} 19... Rc4 {lead to a
difficult position for Black.} 20. Ncb5 Rac8 21. Ra1 $3 Ne8 22. b3 Bxd4 (22...
R4c5 23. Bb4 Rxb5 24. Nxb5 Bxe3+ 25. Kf1 Rc2 26. Be1 $16) 23. Nxd4 R4c7 24. Nb5
Rc2 25. Nxa7 Ra8 26. Nb5 Raxa2 27. Rxa2 Rxa2 28. e4 Rb2 (28... dxe4 29. Rd8 Kf8
30. Bb4+ Kg8 31. Rxe8#) 29. exd5 Bd7 30. Nd4 Nd6 31. Ra1 f6 32. Bc3 $18) 20.
Nce2 Rxc1 21. Nxc1 {She intends to exploit the isolated pawn.} (21. Rxc1 Rc8
22. Rxc8+ Bxc8 {It is a too much simplified position. There is nothing to try
for either of us.} 23. Bh4 Ne8 24. Nf4 Bxd4 25. exd4 Be6 $11) 21... Rc8 22.
Nce2 Nd7 {The knight has started its journey to challenge the centralised
d4-knight.} 23. Bc3 (23. Nf4 Ne5 24. Bc3 Nc6 25. Nfxe6 fxe6 26. Nxe6 Bxe3+ 27.
Kf1 d4 28. Bd2 Re8 29. Nc5 Re5 30. Nd3 Re7 31. Bxe3 Rxe3 32. Nc5 Re7 33. Re1
Rc7 34. Ne6 Rd7 35. Re4 Kf7 36. Ke2 Rd5 37. Kd2 Kf6 38. a3 Rd6 39. Nc5 Ne5 $11)
23... Nb8 24. Kf2 {Making a move towards the centre and defending the e3-pawn.}
Nc6 25. g4 Nxd4 26. Bxd4 {I don't want to exchange the black squared bishop as
the white knight will become strong with the outpost on d4. I also need the
black-squared bishop to handle the white knight at times.} (26. Nxd4 Bxd4 27.
Rxd4 {resulting in an opposite coloured bishop endgame, which usually leads to
a draw.}) 26... Bd8 (26... Bc7 $142 27. h4 Bd8 28. Kg3 Rc2 29. Nf4 Bc7 $11) 27.
Rd2 Bh4+ 28. Kf1 (28. Kg2 Be1 29. Rd1 Ba5 30. Bc3 Bb6 31. Kf2 f6 32. Nf4 Kf7
33. Ke2 Bc7 34. Nxe6 Kxe6 35. f4 g6 36. h4 Bb6 37. Kf3 Rc4 38. f5+ gxf5 39.
gxf5+ Kxf5 40. Rxd5+ Ke6 41. Rh5 Rc7 42. Rh6 Rf7 43. e4 Bc7 $11) 28... Kf8 (
28... h5 29. gxh5 Kh7 30. Nf4 Rc1+ 31. Kg2 Kh6 32. b3 Bg5 33. Nxe6 fxe6 34. f4
Bf6 35. Bxf6 gxf6 36. f5 e5 37. Rxd5 Rc2+ 38. Kf3 Rxh2 39. Rd7 Rxa2 40. Rf7
Kxh5 41. Ke4 Rb2 42. Rxf6 Rxb3 43. Rg6 a5 44. Rg2 $16) 29. Bc3 Bd8 ({Inviting} 
29... d4 $2 {which is inferior for Black.} 30. Nxd4 Bxa2 31. Nf5 Bf6 32. Bxf6
gxf6 33. Rd6 $14) 30. Kf2 (30. Nf4 Bg5 31. Nxd5 Rd8 32. Nb4 Rxd2 33. Bxd2 a5
34. Nc2 Bxa2 35. Bxa5 Bb1 36. Na3 Bd3+ 37. Kf2 Bh4+ 38. Kg2 Be7 $11) 30... Bc7
(30... g5 31. Nd4 Bb6 32. Nf5 h5 33. h3 Bxf5 34. gxf5 d4 35. exd4 Ke7 36. f4
Kf6 37. Kf3 gxf4 38. Kxf4 Bc7+ 39. Ke4 Re8+ 40. Kd3 Bg3 $11) 31. h4 f6 (31...
d4 $4 32. Nxd4 Bxa2 33. b3 Bb1 34. Rd1 $18) 32. Bd4 Ba5 $5 (32... Ke7 33. Rd3
Bd6 34. Rb3 b5 $11 {gives fair play for Black.}) 33. Rd3 Rc2 34. Ra3 (34. Rb3
$2 Bd7 $1 (34... b5 $2 35. Ra3 $16) 35. Rxb7 Bb5 $17) 34... b6 $6 {After the
game Zhao Xue said at the press conference that she had overlooked this.} (
34... Bd2 35. Rb3 b5 36. Nf4 Kf7 37. Kf1 g6 38. Nxe6 Kxe6 39. a4 b4 40. Ke2
Bc1+ 41. Kd1 Rc4) (34... Bc7 $1 35. Ke1 Bd6 36. Rb3 b5 37. Kd1 (37. Bc3 d4 $19)
37... Rc4 $11) 35. Kf1 $2 (35. b4 $3 {This is the best way to exploit the
position of the bishop.} Bxb4 36. Rxa6 Ba5 $1 (36... Bd7 37. Rxb6 Ba3 38. Rb3
Bd6 39. Rb2 $16) 37. Bxb6 Bxb6 (37... d4 38. Bxa5 Bc4 (38... Rxe2+ 39. Kxe2
Bc4+ 40. Ke1 Bxa6 41. exd4 $16) 39. Bb4+ Ke8 40. Ra8+ Kd7 41. Ra7+ Kc6 42. exd4
$16) 38. Rxb6 Bd7 (38... d4 {trick doesn't work because of} 39. Ke1 $1 Bd7 40.
Nxd4 Rxa2 41. Rb7 $16) 39. Ke1 Rxa2 40. Nf4 d4 41. exd4 (41. Rd6 Ra1+ 42. Kf2
dxe3+ $11) 41... Ra4 42. Ne2 Ra3 $14 43. Kf2 Rd3 $14) 35... Bd7 {Now the
position looks pleasant for Black.} 36. Nc3 Rxb2 37. Nxd5 Bb5+ 38. Kg1 Rb1+ 39.
Kh2 Bc4 40. e4 Bxd5 ({The other alternative} 40... Kf7 {also leads to equality.
But practically it might be better try for Black.} 41. Bc3 (41. Ne3 $2 Bb4 42.
Nxc4 (42. Ra4 Bd6+ 43. e5 Bb5 $19) 42... Bxa3 43. Nxa3 Rb4 44. Be3 Rb2+ 45. Kg3
b5 $15) 41... Bxc3 42. Rxc3 $1 (42. Nxc3 Rc1 43. Kg3 Rc2 44. Kf4 a5 45. e5 h6
46. exf6 Kxf6 47. Ke4 b5 48. Nd5+ Bxd5+ 49. Kxd5 a4 $15) 42... b5 (42... Bxa2
43. Rc7+ Ke6 44. Rxg7 Bxd5 45. exd5+ Kxd5 46. Rxh7 Ke6 47. h5 $16) 43. Ne3 Bxa2
44. Rc7+ Kf8 45. Rc8+ Ke7 46. Rc7+ Kd6 47. Rxg7 b4 48. Rxh7 b3 49. h5 b2 50.
Rb7 Kc6 51. Rb8 Kc7 52. Rb4 a5 53. Rb5 a4 54. h6 Bg8 (54... Bb3 55. h7 Rh1+ 56.
Kxh1 b1=Q+ 57. Kh2 Qb2+ 58. Ng2 f5 59. e5 Kc6 60. Ra5 Qc3 61. Ra8 Qxe5+ 62. f4
$18) 55. Nc2 Rd1 56. Rxb2 Rd2+ 57. Kg3 a3 58. h7 axb2 (58... Bxh7 59. Ra2 Bg8
60. Rxa3 Rxc2 61. Ra6 Rc6 62. Rxc6+ Kxc6 63. Kf4 $11) 59. hxg8=Q b1=Q 60. Qc4+
$44) 41. exd5 Rd1 42. Bc3 {it is time to choose between a rook ending and a
knight and pawn ending. I preferred the rook ending.} Bxc3 (42... Rxd5 {
leads to a pawn ending. I did not see any thing to try in a pawn endgame.} 43.
Bxa5 Rxa5 44. Rxa5 bxa5 45. Kg3 Ke7 46. Kf4 Kd6 (46... a4 47. h5 Kf7 48. Kf5
g6+ 49. hxg6+ hxg6+ 50. Ke4 Ke6 51. f4 Kd6 52. Kd4 a3 53. Kc4 Kc6 54. Kd4 a5
55. Kc4 g5 56. fxg5 fxg5 57. Kd4 Kb5 (57... Kd6 58. Ke4 Kc5 59. Kf5 Kc4 60.
Kxg5 Kc3 61. Kf4 Kb2 62. g5 Kxa2 63. g6 Kb2 64. g7 a2 65. g8=Q a1=Q 66. Qg7+
Ka2 67. Qf7+ Ka3 68. Qe7+ $11) 58. Kd5 Kb4 59. Kd4 a4 60. Kd5 Kc3 61. Ke4 Kb2
62. Kd3 Kxa2 63. Kc2 Ka1 64. Kc1 {draw}) 47. Kf5 Kc5 48. h5 Kb4 49. h6 gxh6 50.
Kxf6 Ka3 51. f4 Kxa2 52. f5 a4 53. Kg7 a3 54. f6 Kb3 55. f7 a2 56. f8=Q a1=Q+
57. Kxh7 Qd4 58. Qf3+ Kc4 59. Kxh6 $11) 43. Rxc3 Rxd5 {After the game Zhao Xue
said that she was worried about 43...Rd2+ and ...Rxa2. But over the board I
found that after capturing the a2-pawn, my king could not come into the center
to handle the d-pawn.} (43... Rd2+ 44. Kg3 Rxa2 45. Rc8+ Ke7 (45... Kf7 46.
Rc7+ Kg6 47. d6 Rd2 (47... b5 48. h5+ Kh6 49. Rb7 Rd2 50. Rb6 $11) 48. Rc6 $11)
46. Rc7+ Kd6 (46... Kf8 $11) 47. Rxg7 b5 48. Rxh7 b4 49. h5 $16) 44. Rc6 Rb5 (
44... Rd2+ 45. Kg3 Rxa2 46. Rxb6 a5 47. h5 h6 48. Rb8+ Kf7 49. Rb7+ Kg8 50. Ra7
Ra1 51. Ra8+ Kh7 52. Ra7 $11) 45. Kg3 a5 46. h5 {My extra pawn is of no use
because of the active white rook and well placed pawns of White. After playing
some more moves a draw was agreed.} h6 47. Rc8+ Kf7 48. Rc7+ Kg8 49. Rb7 Rb4
50. Rb8+ Kh7 51. a4 Rxa4 52. Rxb6 Rb4 53. Ra6 Rb5 54. f4 f5 55. gxf5 Rxf5 56.
Kg4 Rb5 57. Ra7 Rc5 58. Ra6 Rb5 59. Ra7 Rd5 60. Ra6 Rb5 61. Ra7 Kg8 62. Ra8+
Kf7 63. Ra7+ Kf6 64. Ra6+ Kf7 65. Ra7+ Kf6 66. Ra6+ 1/2-1/2